000
00301nam a2200145Ia 4500
100
_a
Gray/ B.F
942
_c
BK
654
_a
Electronics 2
245
_a
Electronics 2
260
_b
Longman(Xerox)
_a
London
_c
1979
082
_a
621.3811
_b
GRA/XE
300
_a
146
546
_a
ENGLISH
999
_c
24737
_d
24737